¿Por qué persite el juego democrático en Costa Rica?
Gardado en:
| Autor Principal: | |
|---|---|
| Formato: | Texto |
| Publicado: |
San José:
UCR. IIS
|
| Materias: | |
| Etiquetas: |
Engadir etiqueta
Sen Etiquetas, Sexa o primeiro en etiquetar este rexistro!
|
MARC
| LEADER | 00000 a a2200000 04500 | ||
|---|---|---|---|
| 001 | 16577 | ||
| 003 | |||
| 040 | |||
| 090 | |a EXTRAVIADO | ||
| 100 | |a Camacho Monge, Daniel | ||
| 245 | |a ¿Por qué persite el juego democrático en Costa Rica? | ||
| 260 | |a San José: |b UCR. IIS | ||
| 300 | |a 53 p. | ||
| 650 | |a DEMOCRACIA | ||
| 999 | |c 12242 |d 12242 | ||
